00947cam a2200265 a 4500001000800000005001700008008004100025010001700066020001500083035002100098040001800119043001200137082002600149100002100175245010300196246001200299250001200311260004000323300004200363600002100405650004100426700002100467856010400488856008900592166987520220326193326.0980309s1998 nyua 000 0 eng  a 98016454  a067944257X a(DLC) 98016454 aDLCcDLCdDLC an-us---00221a779.209.2bB 499k1 aBergman, Robert.12aA kind of rapture /cRobert Bergman ; introduction by Toni Morrison ; afterword by Meyer Schapiro.30aRapture a1st ed. aNew York :bPantheon Books,cc1998. a1 v. (unpaged) :bcol. ill. ;c31 cm.10aBergman, Robert. 0aPortrait photographyzUnited States. aBergman, Robert.423Contributor biographical informationuhttp://www.loc.gov/catdir/enhancements/fy1001/98016454-b.html423Publisher descriptionuhttp://www.loc.gov/catdir/enhancements/fy1001/98016454-d.html